00554nam a2200169 i 450000100060000000300090000600500170001500700030003200800410003510000290007624500450010526000420015030000210019285200320021399900170024595201220026287868ES-MaACL20230906175744.0t|041227s1964 sp ||||1| spa d1 aLacaza, Cristina.96934810aCon el sudor alzado / cCristina Lacaza. aMadrid : bAgora, c[1964] (f[Orbe]) a78 p. ; c17 cm. aES-MaACLjC-25538 bR.53647 c87868d87868 00104070aATENEOMbATENEOMcDEPO2d2008-01-17eSCl0oC-25538p1091791r2023-02-23 00:00:00w2023-02-23yMONOGRAFIA